000 00392nam a22001217a 4500
999 _c9602
_d9602
003 OSt
008 201203b ||||| |||| 00| 0 eng d
245 _aIndian Journal of Engineering and Materials Sciences (IJEMS)
250 _a2014(Feb Vol.21 No.1, Apr Vol.21 No.2, Jun Vol.21 No.3, Aug Vol.21 No.4)
260 _aNew Delhi
_bCSIR-NISCAIR
650 _aMechanical Engineering
942 _2ddc
_cBV